Recent Trends in Higher Education in Europe bakalárska práca

Salvato in:
Dettagli Bibliografici
Autore principale: Polakovičová, Natália
Ente Autore: Fakulta aplikovaných jazykov EU v Bratislave. Katedra interkultúrnej komunikácie
Altri autori: Kapráliková, Ivana, 1974-
Natura: Libro
Lingua:inglese
Pubblicazione: Bratislava 2017
Tags: Aggiungi Tag
Nessun Tag, puoi essere il primo ad aggiungerne!!

MARC

LEADER 00000nbm a2200000 4500
001 0231440
005 20180215144830.7
041 0 |a eng 
044 |a SK 
245 1 0 |a Recent Trends in Higher Education in Europe  |b bakalárska práca  |c Natália Polakovičová ; školiteľ: Ivana Kapráliková 
264 1 |a Bratislava  |c 2017 
300 |a 56 s. 
100 1 |a Polakovičová, Natália 
700 1 |a Kapráliková, Ivana, 1974- 
710 2 |a Fakulta aplikovaných jazykov EU v Bratislave. Katedra interkultúrnej komunikácie